New Horizons Research Programme (Record no. 105428)

MARC details
000 -LEADER
fixed length control field 01586cam a2200217 4500
001 - CONTROL NUMBER
control field ##L133579
008 - FIXED-LENGTH DATA ELEMENTS--GENERAL INFORMATION
fixed length control field 060519n2006 000 0 eng u
035 ## - SYSTEM CONTROL NUMBER
System control number (Sirsi) u133579
041 0# - LANGUAGE CODE
Language code of text/sound track or separate title eng
050 04 - LIBRARY OF CONGRESS CALL NUMBER
Classification number 711.026 $2 18 Ball, Michael Allmendinger, Phil
110 1# - MAIN ENTRY--CORPORATE NAME
Corporate name or jurisdiction name as entry element United Kingdom
Subordinate unit Office of the Deputy Prime Minister
245 00 - TITLE STATEMENT
Title New Horizons Research Programme
Remainder of title rethinking the planning regulation of land and property markets
260 ## - PUBLICATION, DISTRIBUTION, ETC.
Place of publication, distribution, etc. London
Name of publisher, distributor, etc. ODPM
Date of publication, distribution, etc. 2006
520 ## - SUMMARY, ETC.
Summary, etc. Explores the relationship between development control and property development including house building, focusing on the development control aspects of spatial planning. It develops possible alternatives to the current system of development control: co-regulation whereby developers and planners agree an overriding code of practice in a designated locality; a positive planning approach of combined planning and permission, and a greater use of restrictive covenants in property titles, either for designated land or built structures, limiting in perpetuity what can be built or redeveloped. These substitutes for detailed planning permission could facilitate the control required by local communities while allowing developers greater freedom to meet market demands.
651 #4 - SUBJECT ADDED ENTRY--GEOGRAPHIC NAME
Geographic name United Kingdom
Chronological subdivision
690 ## - LOCAL SUBJECT ADDED ENTRY--TOPICAL TERM (OCLC, RLIN)
Topical term or geographic name as entry element ENVIRONMENTAL AND LAND CONSULTANCY-PLANNING AND DEVELOPMENT-DEVELOPMENT CONTROL
700 1# - ADDED ENTRY--PERSONAL NAME
Personal name Ball, Michael
700 1# - ADDED ENTRY--PERSONAL NAME
Personal name Allmendinger, Phil
856 40 - ELECTRONIC LOCATION AND ACCESS
Uniform Resource Identifier <a href="https://www.communities.gov.uk/index.asp?id=1164872">https://www.communities.gov.uk/index.asp?id=1164872</a>
Public note View the research free of charge at www.dclg.gov.uk...
942 ## - ADDED ENTRY ELEMENTS (KOHA)
Suppress in OPAC 0
Holdings
Withdrawn status Lost status Source of classification or shelving scheme Damaged status Not for loan Home library Current library Shelving location Date acquired Total Checkouts Full call number Barcode Date last seen Copy number Price effective from Koha item type
    Dewey Decimal Classification     Virtual Virtual Online 19/05/2006   ONLINE PUBLICATION 133579-2001 06/08/2019 1 06/08/2019 Book